000 00610nam a22001337a 4500
040 _cRUA
082 _aLMA HON 2010 B302 Or.1
100 _aHONG SOKUNTHEAVY ; ហុង សុគន្ធាវី
245 _aProcess of mass appraisal, ដំណើរការនៃការវាយតម្លៃអចលនទ្រទ្យមានលកជាប្រព័ន្ធដោយវិស័យសាធារណៈ
260 _aPhnom Penh
_bRUA
_c2010
300 _ax ; 65p.
_bill.
_c29cm.
856 _uhttps://drive.google.com/file/d/1zdcsanaIa5ntIxHrEGgtWB8yaLuEOi6h/view?usp=sharing
942 _cLMA
999 _c5537
_d5537